000 00721nam a2200217 a 4500
005 20260113063901.0
008 030820s2004 mx r 000 0 spa d
020 _a9703102220
035 _aUPN01000128010
049 _aCG
050 4 _aLB2157 M6
_bA5.3
100 1 _aAnzaldúa Arce, Raúl Enrique
_928732
245 1 3 _aLa docencia frente al espejo imaginario, transferencia y poder /
_cRaúl Enrique Anzaldúa Arce.
260 _aMéxico :
_bUAM,
_c2004.
300 _a383 p., xii [láms.] :
_bil.
650 4 _aPrácticas de la enseñanza
_zMéxico
_919801
650 4 _aPrácticas pedagógicas
_913639
650 4 _aMAESTROS DE ESCUELA PRIMARIA
650 4 _aRelación maestro-estudiante
_94168
905 _aLibro
999 _c100189
_d100189